000
00315nam a22001337a 4500
999
_c
14855
_d
14855
020
_a
978008109078
082
_a
664
_b
FEL/FO
100
_a
Fellows, P.J
_9
2089
245
_a
Food processing technology: principles and practice
250
_a
4
260
_a
Amsterdam
_b
Elsevier
_c
2017
300
_a
1128
942
_c
BK